Pride of Carthage : (Record no. 17081)
[ view plain ]
| 000 -LEADER | |
|---|---|
| fixed length control field | 00563cam a2200193Ka 4500 |
| 020 ## - INTERNATIONAL STANDARD BOOK NUMBER | |
| ISBN | 9780307276995 |
| 020 ## - INTERNATIONAL STANDARD BOOK NUMBER | |
| ISBN | 0307276996 |
| 020 ## - INTERNATIONAL STANDARD BOOK NUMBER | |
| ISBN | 9780307276995 |
| 020 ## - INTERNATIONAL STANDARD BOOK NUMBER | |
| ISBN | 0307276996 |
| 040 ## - CATALOGING SOURCE | |
| Transcribing agency | TEFOD |
| 082 04 - DEWEY DECIMAL CLASSIFICATION NUMBER | |
| Classification number | 823 DUR 1969 A110 Or. |
| 100 1# - MAIN ENTRY--AUTHOR NAME | |
| Personal name | Durham, David Anthony, |
| 245 10 - TITLE STATEMENT | |
| Title | Pride of Carthage : |
| Remainder of title | a novel of Hannibal / |
| 300 ## - PHYSICAL DESCRIPTION | |
| Number of Pages | 568 pages : |
| Other physical details | map ; |
| Dimensions | 25 cm. |
| 650 #0 - SUBJECT ADDED ENTRY--TOPICAL TERM | |
| Topical Term | Punic War, 2nd, 218-201 B.C. |
| 650 #0 - SUBJECT ADDED ENTRY--TOPICAL TERM | |
| Topical Term | Generals |
| 856 40 - ELECTRONIC LOCATION AND ACCESS | |
| Uniform Resource Identifier | http://spl.lib.overdrive.com/ContentDetails.htm?ID=A89F5466-6858-4C39-9E26-E053CCEF1CC1 |
| 942 ## - ADDED ENTRY ELEMENTS (KOHA) | |
| Koha item type | សៀវភៅភាសាអង់គ្លេស |
| 952 ## - LOCATION AND ITEM INFORMATION (KOHA) | |
| Withdrawn status [LOCAL, KOHA] | 0 |
| Permanent Location | Date acquired | Koha item type | Lost status | Shelving location | Barcode | Current Location | Full call number |
|---|---|---|---|---|---|---|---|
| Library Block A | 2018-07-31 | សៀវភៅភាសាអង់គ្លេស | A110 | A18458 | Library Block A | 823 DUR 1969 A110 Or. |